Обеспечение качества обработки при сверлении наклонных прерывистых отверстий; Справочник. Инженерный журнал; № 8

Opis bibliograficzny
Parent link:Справочник. Инженерный журнал: научно-технический и производственный журнал.— , 2000-.— 0203-347X
№ 8.— 2005.— С. 2-5
Kolejni autorzy: Кокарев В. И., Рыбалко А. П., Емельянов П. Н., Шулепов А. В., Королев И. В.
Język:rosyjski
Wydane: 2005
Hasła przedmiotowe:
Format: Rozdział
KOHA link:https://koha.lib.tpu.ru/cgi-bin/koha/opac-detail.pl?biblionumber=398771

MARC

LEADER 00000naa2a2200000 4500
001 398771
005 20231101065120.0
035 |a (RuTPU)RU\TPU\prd\39349 
090 |a 398771 
100 |a 20051101a2005 k y0rusy50 ca 
101 0 |a rus 
102 |a RU 
200 1 |a Обеспечение качества обработки при сверлении наклонных прерывистых отверстий  |f В. И. Кокарев, А. П. Рыбалко, П. Н. Емельянов и др. 
320 |a Библиогр.: 3 назв. 
461 0 |0 (RuTPU)RU\TPU\prd\1723  |x 0203-347X  |t Справочник. Инженерный журнал  |o научно-технический и производственный журнал  |d 2000- 
463 0 |0 (RuTPU)RU\TPU\prd\39053  |t № 8  |v С. 2-5  |d 2005 
610 1 |a прерывистые отверстия 
610 1 |a наклонные отверстия 
610 1 |a обработка 
610 1 |a качество 
610 1 |a сверление 
610 1 |a сверлильные патроны 
610 1 |a одностороннее резание 
610 1 |a импульсные колебания 
610 1 |a вибрационное сверление 
701 1 |a Кокарев  |b В. И. 
701 1 |a Рыбалко  |b А. П. 
701 1 |a Емельянов  |b П. Н. 
701 1 |a Шулепов  |b А. В. 
701 1 |a Королев  |b И. В. 
801 1 |a RU  |b 63413507  |c 20051101  |g PSBO 
801 2 |a RU  |b 63413507  |c 20140117  |g RCR 
942 |c BK